<?xml version="1.0" encoding="UTF-8"?>
<record
    xmlns:xsi="http://www.w3.org/2001/XMLSchema-instance"
    xsi:schemaLocation="http://www.loc.gov/MARC21/slim http://www.loc.gov/standards/marcxml/schema/MARC21slim.xsd"
    xmlns="http://www.loc.gov/MARC21/slim">

  <leader>01396nam a22001937i 4500</leader>
  <datafield tag="999" ind1=" " ind2=" ">
    <subfield code="c">23118</subfield>
    <subfield code="d">23118</subfield>
  </datafield>
  <controlfield tag="003">AR-CdUCM</controlfield>
  <controlfield tag="008">241108b20172017 pe||||| |||| 00| 0 spa d</controlfield>
  <datafield tag="040" ind1=" " ind2=" ">
    <subfield code="a">MUNICIPALIDAD PROVINCIAL DEL CUSCO</subfield>
    <subfield code="c">BIBLIOTECA MUNICIPAL DEL CUSCO</subfield>
  </datafield>
  <datafield tag="100" ind1=" " ind2=" ">
    <subfield code="a">Pinto-Bazurco Rittler, Ernesto</subfield>
  </datafield>
  <datafield tag="245" ind1=" " ind2=" ">
    <subfield code="a">Diplomacia por la libertad : </subfield>
    <subfield code="b">Testimonio confidencial de un embajador / </subfield>
  </datafield>
  <datafield tag="260" ind1=" " ind2=" ">
    <subfield code="a">Lima  : </subfield>
    <subfield code="b">Fondo Editorial del Congreso del Per&#xFA; </subfield>
    <subfield code="c">2017</subfield>
  </datafield>
  <datafield tag="300" ind1=" " ind2=" ">
    <subfield code="a">402 p&#xE1;ginas. : </subfield>
    <subfield code="c">23 cm </subfield>
  </datafield>
  <datafield tag="505" ind1=" " ind2=" ">
    <subfield code="a">Una Isla a la deriva -- El hundimiento de una nave ha sido, desde antiguo, motivo para una declaraci&#xF3;n de guerra -- Naciones Unidas: Encuentro cubano-peruano -- Instrucciones especiales -- Sin el SIN (servicio de inteligencia del Per&#xFA;) y la instancia del m&#xED;ster Turbal -- La isla bella ... y sus autom&#xF3;viles -- Se ve&#xED;a venir tiempos dif&#xED;ciles -- Las utop&#xED;as en el poder -- La oportuna y delicada misi&#xF3;n -- La trama: un caso pol&#xED;tico policial  -- La presi&#xF3;n por el &#xE9;xodo. antes del estallido -- El gran pretexto: el drama de la &#xFA;nica muerte  -- Convertido en un problema internacional: consolidar la soluci&#xF3;n acordada  -- Invasi&#xF3;n a la embajada o &#xE9;xodo masivo hacia la misi&#xF3;n diplom&#xE1;tica -- A&#xFA;n m&#xE1;s all&#xE1; de Cuba y los sucesos </subfield>
  </datafield>
  <datafield tag="650" ind1=" " ind2=" ">
    <subfield code="a">Guerra </subfield>
    <subfield code="9">1007</subfield>
  </datafield>
  <datafield tag="650" ind1=" " ind2=" ">
    <subfield code="a">Invasi&#xF3;n </subfield>
    <subfield code="9">3715</subfield>
  </datafield>
  <datafield tag="650" ind1=" " ind2=" ">
    <subfield code="a">Misi&#xF3;n pol&#xED;tico</subfield>
    <subfield code="9">50790</subfield>
  </datafield>
  <datafield tag="942" ind1=" " ind2=" ">
    <subfield code="2">ddc</subfield>
    <subfield code="c">LIBROS</subfield>
  </datafield>
  <datafield tag="945" ind1=" " ind2=" ">
    <subfield code="a">pbj </subfield>
    <subfield code="d">08-11-2024</subfield>
  </datafield>
</record>
